Istanbul - Choix Multiples - Statistiques

Statistiques générales
  • Ce quiz a été pris 3 929 fois
    3 857 depuis la dernière actualisation
  • Le résultat moyen est 6 sur 10
Statistiques - réponses
Question Réponse % Correct
Comment la ville s'appelait-elle avant d'être renommée Istanbul ? Constantinople
92%
De quel Empire la ville d'Istanbul ne fit-elle pas partie ? L'Empire Mongol
79%
Quel surnom, lié à une grande partie de son histoire, est donné à la ville ? La deuxième Rome
74%
Quel nom est donné aux habitants d'Istanbul ? Les Stambouliotes
74%
Lequel de ces clubs de football ne représente pas la ville d'Istanbul ? Trabzonspor
72%
Comment appelle-t-on l'ensemble de rues et de boutiques couvertes qui accueille jusqu'à 500 000 visiteurs par jour ? Le Grand Bazar
70%
Lequel de ces films ne se déroule pas, au moins en partie, à Istanbul ? American Sniper
56%
Quelle mosquée ne se situe pas à Istanbul ?
44%
Lequel de ces noms est celui d'un célèbre palais d'Istanbul ? Palais de Topkapi
42%
De quelle mer le détroit du Bosphore, sur lequel se trouve Istanbul, sépare-t-il la Mer Noire ? La Mer de Marmara
35%
Aucun quiz correspondant
Distribution des résultats
% des personnes avec chaque résultat
Percentile par nombre de réponses
Votre historique - résultats
Vous n’avez pas pris ce quiz depuis la dernière actualisation